Sustainable facilities : (Record no. 13724)

MARC details
000 -LEADER
fixed length control field 01676cam a2200397 a 4500
001 - CONTROL NUMBER
control field 15143568
003 - CONTROL NUMBER IDENTIFIER
control field EG-ScBUE
005 - DATE AND TIME OF LATEST TRANSACTION
control field 20220919101515.0
008 - FIXED-LENGTH DATA ELEMENTS--GENERAL INFORMATION
fixed length control field 080116t2008 nyuabe f 001 0 eng d
020 ## - INTERNATIONAL STANDARD BOOK NUMBER
International Standard Book Number 9780071494748 (alk. paper)
020 ## - INTERNATIONAL STANDARD BOOK NUMBER
International Standard Book Number 007149474X (alk. paper)
035 ## - SYSTEM CONTROL NUMBER
System control number (OCoLC)ocn172979813
035 ## - SYSTEM CONTROL NUMBER
System control number (OCoLC)172979813
040 ## - CATALOGING SOURCE
Original cataloging agency DLC
Language of cataloging eng
Description conventions rda
Transcribing agency DLC
Modifying agency BTCTA
-- BAKER
-- YDXCP
-- C#P
-- BWX
-- IXA
-- DLC
-- EG-ScBUE
082 04 - DEWEY DECIMAL CLASSIFICATION NUMBER
Edition number 22
Classification number 720.47
Item number MOS
100 1# - MAIN ENTRY--PERSONAL NAME
Personal name Moskow, Keith,
Relator term author.
9 (RLIN) 12862
245 10 - TITLE STATEMENT
Title Sustainable facilities :
Remainder of title green design, construction, and operations /
Statement of responsibility, etc Keith Moskow, AIA.
264 #1 - PUBLICATION, DISTRIBUTION, ETC. (IMPRINT)
Place of publication, distribution, etc New York :
Name of publisher, distributor, etc McGraw-Hill,
Date of publication, distribution, etc [2008]
264 #4 - PUBLICATION, DISTRIBUTION, ETC. (IMPRINT)
Date of publication, distribution, etc c2008
300 ## - PHYSICAL DESCRIPTION
Extent xv, 208 pages :
Other physical details illustrations (some color), map, plans ;
Dimensions 29 cm
336 ## - CONTENT TYPE
Source rdacontent
Content type term text
Content type code txt
337 ## - MEDIA TYPE
Source rdamedia
Media type term unmediated
Media type code n
338 ## - CARRIER TYPE
Source rdacarrier
Carrier type term volume
Carrier type code nc
500 ## - GENERAL NOTE
General note Includes index.
650 #7 - SUBJECT ADDED ENTRY--TOPICAL TERM
Topical term or geographic name as entry element Sustainable buildings
General subdivision Design and construction.
9 (RLIN) 12863
Source of heading or term BUEsh
650 #7 - SUBJECT ADDED ENTRY--TOPICAL TERM
Topical term or geographic name as entry element Sustainable buildings
Form subdivision Case studies.
9 (RLIN) 12864
Source of heading or term BUEsh
651 ## - SUBJECT ADDED ENTRY--GEOGRAPHIC NAME
Source of heading or term BUEsh
653 ## - INDEX TERM--UNCONTROLLED
Resource For college Engineering, Architecture
655 ## - INDEX TERM--GENRE/FORM
Form subdivision Reading book
9 (RLIN) 34232
856 42 - ELECTRONIC LOCATION AND ACCESS
Materials specified Contributor biographical information
Uniform Resource Identifier <a href="http://www.loc.gov/catdir/enhancements/fy0814/2008002064-b.html">http://www.loc.gov/catdir/enhancements/fy0814/2008002064-b.html</a>
856 42 - ELECTRONIC LOCATION AND ACCESS
Materials specified Publisher description
Uniform Resource Identifier <a href="http://www.loc.gov/catdir/enhancements/fy0814/2008002064-d.html">http://www.loc.gov/catdir/enhancements/fy0814/2008002064-d.html</a>
856 41 - ELECTRONIC LOCATION AND ACCESS
Materials specified Table of contents only
Uniform Resource Identifier <a href="http://www.loc.gov/catdir/enhancements/fy0814/2008002064-t.html">http://www.loc.gov/catdir/enhancements/fy0814/2008002064-t.html</a>
906 ## - LOCAL DATA ELEMENT F, LDF (RLIN)
a 7
b cbc
c orignew
d 1
e ecip
f 20
g y-gencatlg
942 ## - ADDED ENTRY ELEMENTS (KOHA)
Source of classification or shelving scheme Dewey Decimal Classification
Koha item type Book - Borrowing
Holdings
Withdrawn status Lost status Source of classification or shelving scheme Damaged status Not for loan Collection code Home library Current library Shelving location Date acquired Source of acquisition Cost, normal purchase price Serial Enumeration / chronology Total Checkouts Total Renewals Full call number Barcode Date last seen Date checked out Price effective from Koha item type
    Dewey Decimal Classification     Alahram Central Library Central Library Second Floor 17/03/2010   441.00 32 13 27 720.47 MOS 000019747 15/07/2025 15/11/2022 17/03/2010 Book - Borrowing